000 00515nam a2200193Ia 4500
005 20250326142510.0
008 250326s9999 xx 000 0 und d
020 _a0 7494 2899 6
037 _aTextbook
040 _aFMSL
_beng
_cFMSL
041 _aeng
_2eng
084 _aX:972 N9
_qFMSL
100 _aBrown D
_941524
245 0 _aPaying for contribution
_cBrown D; Armstrong M
260 _aUSA
_bUSA, Kogan Page
_c1999
300 _a435p
942 _cTB
_hX:972 N9
999 _c1295316
_d1295316